| 000 | 00579nam a2200205Ia 4500 | ||
|---|---|---|---|
| 001 | 4185 | ||
| 003 | GE_BSU | ||
| 008 | 181216s||||||||xx |||||||||||||| ||und|| | ||
| 040 | _cGE_BSU | ||
| 080 | _a628.1 | ||
| 100 | _aЖурба М.Г. | ||
| 245 | _aОчистка воды на зернистых фильтрах. | ||
| 245 | _cред. Ю.Л. Котляров. | ||
| 260 | _aЛьвов. | ||
| 260 | _bВиша школа. | ||
| 260 | _c1980. | ||
| 300 | _a200 стр. 21 см. | ||
| 653 | _aОчистка воды на зернистых фильтрах. | ||
| 942 | _cBK | ||
| 999 |
_c38195 _d38195 |
||